000 00362nam a2200145Ia 4500
008 230312s9999||||xx |||||||||||||| ||und||
082 _a658
_bSAE-B
100 _aProf,M.Saeed Nasir
245 0 _aIntroduction To Business
260 _bIlmi Book House
_aPakistan
_c2009
300 _a296
546 _aEng.
650 _aManagement
_vNature and Scope
942 _cBK
999 _c6237
_d6237